[Event "Mitropa Cup 36th"]
[Site "Balatonszarszo"]
[Date "2017.09.25"]
[Round "9.3"]
[White "Gallagher, Joseph G"]
[Black "Codenotti, Marco"]
[Result "1-0"]
[WhiteElo "2433"]
[BlackElo "2464"]
[PlyCount "57"]
[EventDate "2017.09.17"]
[EventType "team-tourn"]
[EventRounds "9"]
[EventCountry "HUN"]
[SourceTitle "CBM 180 Extra"]
[Source "ChessBase"]
[SourceDate "2017.10.06"]
[SourceVersion "1"]
[SourceVersionDate "2017.10.06"]
[SourceQuality "1"]
[WhiteTeam "Switzerland"]
[BlackTeam "Italy"]
[WhiteTeamCountry "SUI"]
[BlackTeamCountry "ITA"]

1. e4 e5 2. Nf3 Nc6 3. Bb5 Nf6 4. d3 d6 5. 0-0 Be7 6. Re1 0-0 7. c3 a6 8. Ba4 b5 9. Bc2 d5 10. Nbd2 dxe4 11. dxe4 Be6 12. h3 Nd7 13. Nf1 Nc5 14. Ne3 Qxd1 15. Rxd1 f6 16. Nd5 Bd6 17. Be3 Nd7 18. Bb3 Rfe8 19. Nxc7 Bxc7 20. Rxd7 Rac8 21. Bxe6+ Rxe6 22. Rad1 Na5 23. Nh4 Nc6 24. Nf5 g6 25. Rg7+ Kh8 26. Rdd7 gxf5 27. Rxh7+ Kg8 28. Rdg7+ Kf8 29. Bh6 1-0

[Event "Trieste op 19th"]
[Site "Trieste"]
[Date "2017.09.09"]
[Round "9"]
[White "Codenotti, Marco"]
[Black "Simonetto, Andrea"]
[Result "1-0"]
[WhiteElo "2464"]
[BlackElo "2048"]
[PlyCount "107"]
[EventDate "2017.09.02"]
[EventType "swiss"]
[EventRounds "9"]
[EventCountry "ITA"]
[SourceTitle "CBM 180 Extra"]
[Source "ChessBase"]
[SourceDate "2017.10.06"]
[SourceVersion "1"]
[SourceVersionDate "2017.10.06"]
[SourceQuality "1"]

1. e4 c6 2. d4 d5 3. Nd2 dxe4 4. Nxe4 Bf5 5. Ng3 Bg6 6. h4 h6 7. Nf3 Nd7 8. Bd3 Bxd3 9. Qxd3 Qc7 10. Bd2 Ngf6 11. 0-0-0 e6 12. Ne4 0-0-0 13. g3 Nxe4 14. Qxe4 Bd6 15. c4 c5 16. Bc3 cxd4 17. Qxd4 Bc5 18. Qxg7 Bxf2 19. Kb1 Rhg8 20. Qxf7 Rgf8 21. Qh5 Qxc4 22. Bd4 Kb8 23. Bxf2 Qe4+ 24. Ka1 Qxf3 25. Qxf3 Rxf3 26. Bc5 Rc8 27. Bd6+ Ka8 28. Rhf1 Rxf1 29. Rxf1 Nf6 30. a3 Ne4 31. Bf4 Rg8 32. Re1 Nc5 33. b4 Nd3 34. Rxe6 Nxf4 35. gxf4 b6 36. f5 Rf8 37. Re5 Rf6 38. Kb2 Kb7 39. Kc3 Kc7 40. Kd4 Kd6 41. b5 Kd7 42. Rd5+ Ke7 43. Ke5 Rf7 44. Rd6 Rxf5+ 45. Kxf5 Kxd6 46. Kg6 Kc5 47. Kxh6 Kxb5 48. Kg6 Ka4 49. h5 Kxa3 50. h6 b5 51. h7 b4 52. h8Q a6 53. Qa1+ Kb3 54. Qxa6 1-0

[Event "Trieste op 19th"]
[Site "Trieste"]
[Date "2017.09.07"]
[Round "7"]
[White "Codenotti, Marco"]
[Black "Lodici, Lorenzo"]
[Result "0-1"]
[WhiteElo "2464"]
[BlackElo "2404"]
[PlyCount "72"]
[EventDate "2017.09.02"]
[EventType "swiss"]
[EventRounds "9"]
[EventCountry "ITA"]
[SourceTitle "CBM 180 Extra"]
[Source "ChessBase"]
[SourceDate "2017.10.06"]
[SourceVersion "1"]
[SourceVersionDate "2017.10.06"]
[SourceQuality "1"]

1. e4 e5 2. Nf3 Nc6 3. Bc4 Bc5 4. d3 Nf6 5. c3 a6 6. 0-0 Ba7 7. a4 d6 8. Re1 h6 9. Bb3 0-0 10. Nbd2 Re8 11. Nf1 Be6 12. Bc2 d5 13. exd5 Nxd5 14. Ng3 a5 15. Qe2 Qd7 16. Bd2 Rad8 17. Rad1 f5 18. Bc1 Qf7 19. Nf1 Nf6 20. Ng3 Ng4 21. Be3 e4 22. Nd4 Nxd4 23. Bxd4 Rxd4 24. cxd4 Bxd4 25. Rf1 e3 26. f4 Bd5 27. Rde1 Re6 28. h3 h5 29. Bd1 Rg6 30. Rf3 Bxf3 31. gxf3 Nf2 32. Kh2 Rb6 33. Bc2 Rxb2 34. Nf1 Qf6 35. Kg2 Qg6+ 36. Kh2 Qd6 0-1

[Event "Trieste op 19th"]
[Site "Trieste"]
[Date "2017.09.06"]
[Round "6"]
[White "Suarez Real, Alberto"]
[Black "Codenotti, Marco"]
[Result "1-0"]
[WhiteElo "2436"]
[BlackElo "2464"]
[PlyCount "50"]
[EventDate "2017.09.02"]
[EventType "swiss"]
[EventRounds "9"]
[EventCountry "ITA"]
[SourceTitle "CBM 180 Extra"]
[Source "ChessBase"]
[SourceDate "2017.10.06"]
[SourceVersion "1"]
[SourceVersionDate "2017.10.06"]
[SourceQuality "1"]

1. e4 e5 2. Nf3 Nc6 3. d4 exd4 4. Nxd4 Bc5 5. Nxc6 Qf6 6. Qd2 dxc6 7. Bd3 Be6 8. Nc3 0-0-0 9. 0-0 Ne7 10. Na4 Bd6 11. Qa5 Kb8 12. Bg5 Qg6 13. f4 b6 14. Qe1 f6 15. e5 Nf5 16. exd6 fxg5 17. dxc7+ Kxc7 18. g4 Rxd3 19. gxf5 Bxf5 20. cxd3 gxf4+ 21. Kh1 Bxd3 22. Rxf4 Re8 23. Qg3 Qxg3 24. hxg3 Re2 25. Rf7+ Kd6 1-0

[Event "Trieste op 19th"]
[Site "Trieste"]
[Date "2017.09.05"]
[Round "5"]
[White "Codenotti, Marco"]
[Black "Kovchan, Alexander"]
[Result "1/2-1/2"]
[WhiteElo "2464"]
[BlackElo "2596"]
[PlyCount "41"]
[EventDate "2017.09.02"]
[EventType "swiss"]
[EventRounds "9"]
[EventCountry "ITA"]
[SourceTitle "CBM 180 Extra"]
[Source "ChessBase"]
[SourceDate "2017.10.06"]
[SourceVersion "1"]
[SourceVersionDate "2017.10.06"]
[SourceQuality "1"]

1. e4 c5 2. Nf3 d6 3. d4 cxd4 4. Nxd4 Nf6 5. Nc3 a6 6. Be3 e5 7. Nf3 Qc7 8. a4 Be6 9. Be2 h6 10. 0-0 Nbd7 11. a5 Qc6 12. Qd3 Nc5 13. Bxc5 Qxc5 14. Nd2 Rc8 15. Ra4 Nd7 16. Nc4 Qc6 17. Rb4 Qc5 18. Ra4 Qc6 19. Qd2 Be7 20. Rd1 0-0 21. Ne3 1/2-1/2

[Event "Trieste op 19th"]
[Site "Trieste"]
[Date "2017.09.03"]
[Round "2"]
[White "Vezzosi, Paolo"]
[Black "Codenotti, Marco"]
[Result "0-1"]
[WhiteElo "2325"]
[BlackElo "2464"]
[PlyCount "78"]
[EventDate "2017.09.02"]
[EventType "swiss"]
[EventRounds "9"]
[EventCountry "ITA"]
[SourceTitle "CBM 180 Extra"]
[Source "ChessBase"]
[SourceDate "2017.10.06"]
[SourceVersion "1"]
[SourceVersionDate "2017.10.06"]
[SourceQuality "1"]

1. c4 e5 2. Nc3 Nf6 3. Nf3 Nc6 4. e3 Be7 5. d4 exd4 6. Nxd4 0-0 7. Be2 Bb4 8. Nxc6 bxc6 9. 0-0 Qe7 10. Qc2 d6 11. Bf3 Bd7 12. Na4 Qe5 13. a3 Ba5 14. b4 Bb6 15. Bb2 Qg5 16. c5 dxc5 17. bxc5 Ba5 18. Rad1 Be6 19. Qd3 Qh4 20. Bd4 Ng4 21. Bxg4 Bxg4 22. Qa6 Bxd1 23. Rxd1 Bb6 24. Rc1 Rfd8 25. Nb2 Rxd4 26. exd4 Qxd4 27. Na4 Qd2 28. Rf1 Ba5 29. Qxc6 Rd8 30. g3 Qd3 31. Ra1 g6 32. Kg2 Kg7 33. h4 h5 34. Ra2 Qc4 35. Rb2 Rd1 36. Qb5 Qd5+ 37. f3 Rd3 38. Rf2 Be1 39. Rf1 Rd2+ 0-1

[Event "Trieste op 19th"]
[Site "Trieste"]
[Date "2017.09.02"]
[Round "1"]
[White "Codenotti, Marco"]
[Black "Srebrnic, Vojko"]
[Result "1-0"]
[WhiteElo "2464"]
[BlackElo "2136"]
[PlyCount "81"]
[EventDate "2017.09.02"]
[EventType "swiss"]
[EventRounds "9"]
[EventCountry "ITA"]
[SourceTitle "CBM 180 Extra"]
[Source "ChessBase"]
[SourceDate "2017.10.06"]
[SourceVersion "1"]
[SourceVersionDate "2017.10.06"]
[SourceQuality "1"]

1. e4 c5 2. Nf3 g6 3. c3 Bg7 4. d4 cxd4 5. cxd4 d5 6. e5 Bg4 7. Bb5+ Nc6 8. Nbd2 e6 9. h3 Bxf3 10. Bxc6+ bxc6 11. Nxf3 Ne7 12. 0-0 0-0 13. b3 Qa5 14. Bd2 Qb6 15. Rc1 Rfc8 16. Rc5 a5 17. Qc2 Bf8 18. g4 Kg7 19. Rc1 Ra6 20. Qc3 Rca8 21. Bg5 a4 22. Bf6+ Kg8 23. b4 a3 24. Rb1 Qb7 25. Rb3 Rb6 26. b5 Rc8 27. Kg2 Qd7 28. Ne1 Rc7 29. Nd3 Nc8 30. Qc1 Na7 31. bxc6 Rcxc6 32. Rxb6 Rxb6 33. Rc7 Qa4 34. Nc5 Qxd4 35. Rxa7 Rb2 36. Bh4 h5 37. Ra8 hxg4 38. Nd7 gxh3+ 39. Kxh3 Qd3+ 40. Qe3 Qf1+ 41. Kh2 1-0

[Event "Trieste op 18th"]
[Site "Trieste"]
[Date "2016.09.04"]
[Round "3"]
[White "Tratar, Marko"]
[Black "Codenotti, Marco"]
[Result "1/2-1/2"]
[WhiteElo "2453"]
[BlackElo "2473"]
[PlyCount "107"]
[EventDate "2016.09.03"]
[EventType "swiss"]
[EventRounds "9"]
[EventCountry "ITA"]
[SourceTitle "CBM 174 Extra"]
[Source "ChessBase"]
[SourceDate "2016.10.10"]
[SourceVersion "1"]
[SourceVersionDate "2016.10.10"]
[SourceQuality "1"]

1. c4 e5 2. g3 Nf6 3. Bg2 c6 4. d4 exd4 5. Qxd4 d5 6. Nf3 c5 7. Qe5+ Be6 8. Ng5 Nc6 9. Nxe6 Qa5+ 10. Qc3 fxe6 11. Qxa5 Nxa5 12. cxd5 exd5 13. Nc3 Rd8 14. 0-0 d4 15. Ne4 Be7 16. Ng5 g6 17. b3 h6 18. Ne6 Rc8 19. Bd2 Nc6 20. Rac1 b6 21. Bxc6+ Rxc6 22. Nxd4 Rd6 23. Nf3 g5 24. Bc3 0-0 25. Bxf6 Bxf6 26. Rfd1 Rfd8 27. Rxd6 Rxd6 28. h3 Kf7 29. Kf1 Rc6 30. e3 b5 31. Nd2 Ke6 32. Ne4 c4 33. Nxf6 Kxf6 34. bxc4 bxc4 35. Ke2 Ke5 36. Rd1 Rb6 37. f4+ gxf4 38. gxf4+ Ke6 39. Rd2 Rb1 40. Rd4 Rb2+ 41. Kd1 c3 42. Rc4 Rd2+ 43. Ke1 Rxa2 44. Rxc3 Kd5 45. Rc8 a5 46. Rd8+ Ke6 47. Rd2 Ra1+ 48. Kf2 a4 49. Rd8 a3 50. Ra8 a2 51. Kg2 Re1 52. Rxa2 Rxe3 53. Ra5 Kf6 54. Ra6+ 1/2-1/2

[Event "Kavala op 25th"]
[Site "Kavala"]
[Date "2016.08.05"]
[Round "8"]
[White "Zhigalko, Andrey"]
[Black "Codenotti, Marco"]
[Result "0-1"]
[WhiteElo "2610"]
[BlackElo "2471"]
[PlyCount "84"]
[EventDate "2016.07.30"]
[EventType "swiss"]
[EventRounds "9"]
[EventCountry "GRE"]
[SourceTitle "CBM 173 Extra"]
[Source "ChessBase"]
[SourceDate "2016.08.29"]
[SourceVersion "1"]
[SourceVersionDate "2016.08.29"]
[SourceQuality "1"]

1. Nf3 d5 2. d4 Nf6 3. c4 c6 4. g3 Bf5 5. Nc3 e6 6. Nh4 Be4 7. f3 Bg6 8. Qb3 Qd7 9. Nxg6 hxg6 10. Bg2 c5 11. f4 Nc6 12. cxd5 Nxd5 13. dxc5 Nd4 14. Qc4 Nc2+ 15. Kf2 Rc8 16. b4 Ncxb4 17. Nxd5 Bxc5+ 18. Qxc5 Rxc5 19. Nxb4 Qd4+ 20. Be3 Qxb4 21. Rhb1 Qa5 22. Rxb7 Rxh2 23. Bxc5 Qxc5+ 24. Kf1 g5 25. Rab1 gxf4 26. gxf4 Qe3 27. Rb8+ Ke7 28. R8b7+ Kf6 29. R1b3 Qc1+ 30. Kf2 g6 31. a3 Qc5+ 32. Kf1 Qc1+ 33. Kf2 a5 34. Rf3 Qc5+ 35. Kf1 Kg7 36. Rbb3 Rh4 37. Rbc3 Qd4 38. Rcd3 Qc4 39. Rc3 Qa4 40. Ke1 Rxf4 41. Rfd3 Rd4 42. Bc6 Rxd3 0-1

[Event "GRE-chT 44th"]
[Site "Achaia"]
[Date "2016.07.07"]
[Round "4.15"]
[White "Codenotti, Marco"]
[Black "Balaskas, Nikolaos"]
[Result "1-0"]
[WhiteElo "2471"]
[BlackElo "2174"]
[PlyCount "65"]
[EventDate "2016.07.05"]
[EventType "team-swiss"]
[EventRounds "7"]
[EventCountry "GRE"]
[SourceTitle "CBM 173 Extra"]
[Source "ChessBase"]
[SourceDate "2016.08.29"]
[SourceVersion "1"]
[SourceVersionDate "2016.08.29"]
[SourceQuality "1"]
[WhiteTeam "Kavalas OFS"]
[BlackTeam "New Filadelfeias"]
[WhiteTeamCountry "GRE"]
[BlackTeamCountry "GRE"]

1. e4 c5 2. Nf3 d6 3. d4 cxd4 4. Nxd4 Nf6 5. Nc3 a6 6. h3 g6 7. g4 Bg7 8. Be3 0-0 9. Qd2 Nc6 10. 0-0-0 Bd7 11. g5 Nh5 12. Be2 Nxd4 13. Bxd4 e5 14. Be3 Nf4 15. h4 Rc8 16. Qxd6 Rxc3 17. Bxf4 exf4 18. bxc3 Qa5 19. Qb4 Qc7 20. Qc4 Bc6 21. Bg4 Qa5 22. Rh3 Re8 23. Bd7 Rxe4 24. Qb3 Bf8 25. Bxc6 bxc6 26. Rd7 Re1+ 27. Kd2 Re6 28. Qb8 Qf5 29. Rd8 Qc5 30. Rhd3 Qxf2+ 31. Kc1 Re1+ 32. Kb2 Qc5 33. Rxf8+ 1-0

[Event "GRE-chT 44th"]
[Site "Achaia"]
[Date "2016.07.06"]
[Round "2.13"]
[White "Markidis, Konstantinos"]
[Black "Codenotti, Marco"]
[Result "1/2-1/2"]
[WhiteElo "2359"]
[BlackElo "2471"]
[PlyCount "82"]
[EventDate "2016.07.05"]
[EventType "team-swiss"]
[EventRounds "7"]
[EventCountry "GRE"]
[SourceTitle "CBM 173 Extra"]
[Source "ChessBase"]
[SourceDate "2016.08.29"]
[SourceVersion "1"]
[SourceVersionDate "2016.08.29"]
[SourceQuality "1"]
[WhiteTeam "Florinas OP"]
[BlackTeam "Kavalas OFS"]
[WhiteTeamCountry "GRE"]
[BlackTeamCountry "GRE"]

1. e4 c5 2. Nf3 d6 3. Bb5+ Nc6 4. 0-0 Bd7 5. Re1 Nf6 6. c3 a6 7. Bc4 Bg4 8. d4 e6 9. d5 Bxf3 10. Qxf3 Ne5 11. Qe2 b5 12. Bb3 c4 13. Bc2 Be7 14. Nd2 0-0 15. Nf3 Nxf3+ 16. Qxf3 e5 17. a4 Nd7 18. Qg4 Nc5 19. Be3 Qc7 20. Ra2 g6 21. axb5 axb5 22. Rea1 Rxa2 23. Rxa2 Rb8 24. Qd1 Bd8 25. g3 Qc8 26. Kg2 Bb6 27. h4 h5 28. Qf3 Qg4 29. Qxg4 hxg4 30. Bxc5 Bxc5 31. b3 cxb3 32. Bxb3 b4 33. cxb4 Rxb4 34. Bc2 Rd4 35. Kf1 Rd2 36. Bb3 Rd3 37. Bc2 Rd2 38. Bb3 Rd4 39. Bc2 Kg7 40. Ke2 Rc4 41. Kd3 Rd4+ 1/2-1/2

[Event "GRE-chT 44th"]
[Site "Achaia"]
[Date "2016.07.05"]
[Round "1.5"]
[White "Codenotti, Marco"]
[Black "Enchev, Ivajlo"]
[Result "0-1"]
[WhiteElo "2471"]
[BlackElo "2465"]
[PlyCount "110"]
[EventDate "2016.07.05"]
[EventType "team-swiss"]
[EventRounds "7"]
[EventCountry "GRE"]
[SourceTitle "CBM 173 Extra"]
[Source "ChessBase"]
[SourceDate "2016.08.29"]
[SourceVersion "1"]
[SourceVersionDate "2016.08.29"]
[SourceQuality "1"]
[WhiteTeam "Kavalas OFS"]
[BlackTeam "Chania Chess Academy"]
[WhiteTeamCountry "GRE"]
[BlackTeamCountry "GRE"]

1. e4 c6 2. d4 g6 3. Nf3 Bg7 4. Bd3 d6 5. 0-0 Bg4 6. c3 e5 7. Be3 Nf6 8. h3 Bxf3 9. Qxf3 Nbd7 10. Bc2 0-0 11. dxe5 Nxe5 12. Qe2 d5 13. f4 Nc4 14. Bc5 Re8 15. e5 Nd7 16. Bf2 f6 17. e6 f5 18. g4 Nd6 19. Nd2 Nf8 20. gxf5 gxf5 21. Qh5 Rxe6 22. Bxf5 Nxf5 23. Qxf5 Rf6 24. Qh5 Rxf4 25. Nf3 Qf6 26. Be3 Qf7 27. Qxf7+ Rxf7 28. Ng5 Re7 29. Bc5 Re5 30. Nf3 Re2 31. Rf2 Rxf2 32. Bxf2 Ne6 33. Re1 Kf7 34. Ne5+ Bxe5 35. Rxe5 Rg8+ 36. Kf1 a6 37. Rf5+ Kg6 38. Re5 Re8 39. h4 Kf6 40. Rh5 Kg6 41. Re5 h6 42. h5+ Kf6 43. Re2 Kf5 44. Be1 Rf8 45. Bd2 Kg4+ 46. Kg2 Rf6 47. Re5 b5 48. b3 Ng5 49. Bxg5 hxg5 50. Re7 Kxh5 51. Ra7 c5 52. Rd7 Rf5 53. a3 Kg4 54. b4 c4 55. Rd6 Rf3 0-1

[Event "Mitropa Cup 35th"]
[Site "Prague"]
[Date "2016.06.27"]
[Round "9.4"]
[White "Codenotti, Marco"]
[Black "Vykouk, Jan"]
[Result "1-0"]
[WhiteElo "2451"]
[BlackElo "2434"]
[PlyCount "61"]
[EventDate "2016.06.19"]
[EventType "team-tourn"]
[EventRounds "9"]
[EventCountry "CZE"]
[SourceTitle "CBM 173 Extra"]
[Source "ChessBase"]
[SourceDate "2016.08.29"]
[SourceVersion "1"]
[SourceVersionDate "2016.08.29"]
[SourceQuality "1"]
[WhiteTeam "Italy"]
[BlackTeam "Czech Republic II"]
[WhiteTeamCountry "ITA"]
[BlackTeamCountry "CZE"]

1. e4 c5 2. Nf3 d6 3. d4 cxd4 4. Nxd4 Nf6 5. Nc3 Nc6 6. Bg5 Bd7 7. f4 Rc8 8. Be2 Qb6 9. Nb3 e6 10. Qd2 Nb4 11. Bxf6 gxf6 12. a3 Na6 13. 0-0-0 Nc5 14. Nxc5 Qxc5 15. Kb1 b5 16. e5 f5 17. g4 Bc6 18. gxf5 Bxh1 19. Rxh1 d5 20. fxe6 fxe6 21. f5 b4 22. Ne4 Qb6 23. fxe6 bxa3 24. Nf6+ Kd8 25. Qxd5+ Kc7 26. b3 Bb4 27. Qc4+ Qc5 28. Nd5+ Kd8 29. Qh4+ Qe7 30. Nxe7 a2+ 31. Kxa2 1-0

[Event "Mitropa Cup 35th"]
[Site "Prague"]
[Date "2016.06.26"]
[Round "8.4"]
[White "Spalir, Jernej"]
[Black "Codenotti, Marco"]
[Result "0-1"]
[WhiteElo "2342"]
[BlackElo "2451"]
[PlyCount "120"]
[EventDate "2016.06.19"]
[EventType "team-tourn"]
[EventRounds "9"]
[EventCountry "CZE"]
[SourceTitle "CBM 173 Extra"]
[Source "ChessBase"]
[SourceDate "2016.08.29"]
[SourceVersion "1"]
[SourceVersionDate "2016.08.29"]
[SourceQuality "1"]
[WhiteTeam "Slovenia"]
[BlackTeam "Italy"]
[WhiteTeamCountry "SLO"]
[BlackTeamCountry "ITA"]

1. d4 d5 2. c4 c6 3. cxd5 cxd5 4. Bf4 Nc6 5. e3 Nf6 6. Nc3 a6 7. Bd3 Bg4 8. Nge2 e6 9. 0-0 Bxe2 10. Qxe2 Bd6 11. Bxd6 Qxd6 12. a3 0-0 13. b4 b5 14. Nb1 e5 15. dxe5 Nxe5 16. Nd2 Rfc8 17. Nf3 Rc3 18. Nxe5 Qxe5 19. a4 bxa4 20. Rxa4 d4 21. exd4 Qxd4 22. Bxa6 Rd8 23. Rb1 h6 24. Ra2 Ne4 25. Re1 Rc6 26. b5 Re6 27. Raa1 Nc3 28. Qf1 Rf6 29. g3 Ne4 30. Rad1 Nd2 31. Qe2 Re6 32. Rxd2 Qxd2 33. Qxd2 Rxd2 34. Rxe6 fxe6 35. Bc8 Rd6 36. Bb7 g5 37. g4 Kf7 38. Kg2 Rd4 39. Kg3 Rb4 40. Bc6 e5 41. f3 Ke6 42. h4 Rb2 43. hxg5 hxg5 44. Kh3 Kd6 45. Kg3 Kc5 46. Bd7 Kd4 47. Bc6 Ke3 48. Bd7 Ke2 49. Kg2 Ke3+ 50. Kg3 e4 51. fxe4 Kxe4 52. Bc6+ Ke3 53. Bd7 Rb3 54. Bc6 Rb1 55. Kg2 Kf4 56. Bd7 Rd1 57. Bc6 Rd2+ 58. Kf1 Kxg4 59. b6 Rb2 60. b7 Kg3 0-1

[Event "Ortisei Server24 op 3rd"]
[Site "Ortisei"]
[Date "2016.06.10"]
[Round "8"]
[White "Neverov, Valeriy"]
[Black "Codenotti, Marco"]
[Result "1/2-1/2"]
[WhiteElo "2507"]
[BlackElo "2451"]
[PlyCount "128"]
[EventDate "2016.06.04"]
[EventType "swiss"]
[EventRounds "9"]
[EventCountry "ITA"]
[SourceTitle "CBM 172 Extra"]
[Source "ChessBase"]
[SourceDate "2016.06.21"]
[SourceVersion "1"]
[SourceVersionDate "2016.06.21"]
[SourceQuality "1"]

1. c4 c6 2. Nc3 d5 3. e3 Nf6 4. Nf3 g6 5. b3 Bg7 6. Bb2 0-0 7. Be2 Bg4 8. 0-0 Ne4 9. Qc2 Nxc3 10. Bxc3 e6 11. Bxg7 Kxg7 12. Qc3+ Kg8 13. Rfc1 Nd7 14. cxd5 Bxf3 15. Bxf3 cxd5 16. Qc7 Rb8 17. e4 Nb6 18. h3 Qg5 19. exd5 Rfc8 20. Qg3 Qxg3 21. fxg3 Nxd5 22. Bxd5 exd5 23. Kf2 h5 24. Rc3 Rxc3 25. dxc3 Rc8 26. Rc1 Kg7 27. Ke3 Re8+ 28. Kd3 Re5 29. Rf1 f5 30. a4 b6 31. a5 Kf6 32. axb6 axb6 33. Ra1 Kg5 34. Ra2 Re4 35. Ra6 Re1 36. Rxb6 Rg1 37. Ke3 Rxg2 38. Kf3 Rc2 39. h4+ Kh6 40. Rc6 d4 41. c4 Rc3+ 42. Kf4 Rxb3 43. Rd6 d3 44. Rd4 Rc3 45. Ke3 d2+ 46. Kxd2 Rxg3 47. c5 Ra3 48. c6 Ra6 49. Rc4 Ra8 50. c7 Rc8 51. Ke3 Kg7 52. Kf4 Kf6 53. Rc1 Ke6 54. Kg5 Kd6 55. Rd1+ Ke7 56. Re1+ Kd6 57. Kxg6 Rxc7 58. Kxf5 Rg7 59. Re6+ Kd7 60. Rh6 Ke7 61. Rxh5 Kf7 62. Rg5 Rxg5+ 63. hxg5 Kg7 64. g6 Kg8 1/2-1/2

[Event "Ortisei Server24 op 3rd"]
[Site "Ortisei"]
[Date "2016.06.04"]
[Round "1"]
[White "Codenotti, Marco"]
[Black "Roesch, Mario"]
[Result "1-0"]
[WhiteElo "2451"]
[BlackElo "2172"]
[PlyCount "171"]
[EventDate "2016.06.04"]
[EventType "swiss"]
[EventRounds "9"]
[EventCountry "ITA"]
[SourceTitle "CBM 172 Extra"]
[Source "ChessBase"]
[SourceDate "2016.06.21"]
[SourceVersion "1"]
[SourceVersionDate "2016.06.21"]
[SourceQuality "1"]

1. e4 e6 2. d4 d5 3. Nd2 dxe4 4. Nxe4 Nd7 5. Nf3 Ngf6 6. Nxf6+ Nxf6 7. Bd3 c5 8. c3 cxd4 9. Nxd4 Be7 10. 0-0 0-0 11. Bf4 Nd5 12. Bg3 a6 13. Qe2 Bf6 14. Nf3 g6 15. Rad1 Qa5 16. Be5 Bxe5 17. Nxe5 f6 18. Ng4 Nf4 19. Qf3 e5 20. Bc4+ Kg7 21. Ne3 Qc7 22. Rd2 Bd7 23. Bd5 Rad8 24. Rfd1 Bc8 25. c4 f5 26. b3 Kh8 27. h4 Rde8 28. Re1 e4 29. Qg3 Qe5 30. Nc2 Nxd5 31. Qxe5+ Rxe5 32. cxd5 Rd8 33. Ne3 b5 34. g3 Bb7 35. Rc1 Re7 36. b4 Red7 37. Rc5 Kg7 38. d6 Kf6 39. g4 Rxd6 40. Rxd6+ Rxd6 41. gxf5 Rd7 42. Ng4+ Ke7 43. fxg6 hxg6 44. Rg5 Rd1+ 45. Kh2 Kf7 46. Rc5 Ke6 47. Rc7 Bd5 48. Ra7 Rd2 49. Rxa6+ Ke7 50. a3 Be6 51. Ne5 Rxf2+ 52. Kg3 Rf6 53. Nc6+ Kf7 54. Nd4 Bc4 55. Rxf6+ Kxf6 56. Kf4 Bd3 57. Nc6 Bc2 58. Ne5 Bb1 59. Ng4+ Ke6 60. Ne3 Bd3 61. Ng2 Bf1 62. Ne3 Bd3 63. Ng4 Bc2 64. Ke3 Kf5 65. Nh6+ Ke6 66. Kd4 Bb1 67. Ke3 Bc2 68. Kd2 Bb3 69. Ke2 Bc2 70. Ke3 Bb1 71. Kf4 Bd3 72. Ng4 Bc2 73. Ne3 Bd3 74. Ng2 Bf1 75. Ne1 Kd5 76. Kg5 Bd3 77. Kxg6 Kc4 78. Kg5 e3 79. Kf4 e2 80. Ke3 Bg6 81. Kxe2 Kb3 82. Kd2 Kxa3 83. Kc3 Be4 84. h5 Ka4 85. h6 Ka3 86. Nf3 1-0

[Event "EU-ch 17th"]
[Site "Gjakova"]
[Date "2016.05.23"]
[Round "11"]
[White "Codenotti, Marco"]
[Black "Duda, Jan Krzysztof"]
[Result "1/2-1/2"]
[WhiteElo "2428"]
[BlackElo "2666"]
[PlyCount "120"]
[EventDate "2016.05.12"]
[EventType "swiss"]
[EventRounds "11"]
[EventCountry "KOS"]
[SourceTitle "CBM 173"]
[Source "ChessBase"]
[SourceDate "2016.07.12"]
[SourceVersion "1"]
[SourceVersionDate "2016.07.12"]
[SourceQuality "1"]

1. e4 c5 2. c3 d5 3. exd5 Qxd5 4. d4 Nf6 5. Nf3 e6 6. Be2 cxd4 7. cxd4 Nc6 8. 0-0 Be7 9. Nc3 Qd6 10. Be3 0-0 11. Rc1 Rd8 12. Qd2 Nd5 13. Nxd5 Qxd5 14. Bc4 Qa5 15. Rfd1 Qxd2 16. Rxd2 Na5 17. Be2 b6 18. Bf4 Bb7 19. Rc7 Bb4 20. Rdc2 Be4 21. Rc1 h6 22. h3 Bd5 23. a3 Bf8 24. R1c3 Nb3 25. Bd1 Bxf3 26. Bxf3 Nxd4 27. Bxa8 Ne2+ 28. Kh2 Rxa8 29. g3 Nxc3 30. Rxc3 Bc5 31. Kg2 Bd4 32. Rc2 Rd8 33. Kf3 g5 34. Be3 Be5 35. a4 Kg7 36. b4 Rd3 37. Ke4 Rc3 38. Rxc3 Bxc3 39. a5 Bxb4 40. axb6 axb6 41. Bxb6 f5+ 42. Kf3 h5 43. Bd4+ Kg6 44. Be5 Kf7 45. Ke2 Ke7 46. Bb2 Bd6 47. Bc3 Kd7 48. Bd2 Be7 49. Kd3 Bd8 50. f3 g4 51. hxg4 hxg4 52. fxg4 fxg4 53. Ke4 Bc7 54. Bf4 Bd6 55. Be5 Kc6 56. Kf4 Bf8 57. Kxg4 Kd5 58. Bb2 Bd6 59. Kf3 Bxg3 60. Kxg3 e5 1/2-1/2

[Event "EU-ch 17th"]
[Site "Gjakova"]
[Date "2016.05.12"]
[Round "1"]
[White "Codenotti, Marco"]
[Black "Ragger, Markus"]
[Result "0-1"]
[WhiteElo "2428"]
[BlackElo "2696"]
[PlyCount "64"]
[EventDate "2016.05.12"]
[EventType "swiss"]
[EventRounds "11"]
[EventCountry "KOS"]
[SourceTitle "CBM 173"]
[Source "ChessBase"]
[SourceDate "2016.07.12"]
[SourceVersion "1"]
[SourceVersionDate "2016.07.12"]
[SourceQuality "1"]

1. e4 c5 2. c3 d5 3. exd5 Qxd5 4. d4 Nf6 5. Nf3 e6 6. Be3 cxd4 7. cxd4 Bb4+ 8. Nc3 0-0 9. a3 Bxc3+ 10. bxc3 Qa5 11. Qb3 b6 12. Qb4 Nc6 13. Qxa5 Nxa5 14. Ne5 Bb7 15. c4 Rac8 16. Rb1 Rfd8 17. f3 Ba6 18. Rb4 Ne8 19. c5 Bxf1 20. Rxf1 f6 21. Ng4 h5 22. Nf2 Nc7 23. Ra4 Nc6 24. cxb6 axb6 25. Rc4 Nd5 26. Ke2 b5 27. Rc5 Nxe3 28. Kxe3 Nxd4 29. Rfc1 Ra8 30. R1c3 Nf5+ 31. Ke2 b4 32. axb4 Ra2+ 0-1

[Event "ITA-chT 48th"]
[Site "Civitanova Marche"]
[Date "2016.04.28"]
[Round "2.2"]
[White "Cherin, Diego"]
[Black "Codenotti, Marco"]
[Result "0-1"]
[WhiteElo "2226"]
[BlackElo "2399"]
[PlyCount "50"]
[EventDate "2016.04.27"]
[EventType "team-swiss"]
[EventRounds "7"]
[EventCountry "ITA"]
[SourceTitle "CBM 172 Extra"]
[Source "ChessBase"]
[SourceDate "2016.06.21"]
[SourceVersion "1"]
[SourceVersionDate "2016.06.21"]
[SourceQuality "1"]
[WhiteTeam "SST 1904"]
[BlackTeam "Modena"]
[WhiteTeamCountry "ITA"]
[BlackTeamCountry "ITA"]

1. e4 c5 2. Nf3 d6 3. d4 cxd4 4. Nxd4 Nf6 5. Nc3 a6 6. Bc4 e6 7. Bb3 Nbd7 8. Bg5 Nc5 9. 0-0 Be7 10. Re1 0-0 11. f4 Bd7 12. e5 Ne8 13. Bxe7 Qxe7 14. Ne4 dxe5 15. fxe5 Rd8 16. Qh5 Nxb3 17. axb3 f5 18. Ng5 h6 19. Ndf3 hxg5 20. Nxg5 g6 21. Qxg6+ Qg7 22. Qh5 Bc6 23. Re2 Nc7 24. Rae1 Rd4 25. h3 Be8 0-1